000 00491nam a2200145Ia 4500
003 OSt
005 20260122110906.0
008 211028s2015 xx 000 0 und d
040 _cAIMIT LIBRARY
041 _aeng
100 _aKalpana, M S; James, Justine.
_g1316073
_97346
245 _aStudy on mounting overdues and irregular repayment of loans by self help groups with reference to Kaveri grameen bank Virajpet branch /
260 _aMangalore
_bJustine James.
_c2015
942 _2ddc
_cPRO
999 _c218916
_d218916